000 00363 a2200133 4500
000 nam a22 7a 4500
100 _aRais Akhtar
110 _aRais Akhtar
245 _aEnvironment And Health In Jammu And Kashmir And Ladakh Historical And Contemporary
250 _alatest edition
260 _bRoutledge
_c2024
264 _bRoutledge
_c2024
942 _cBK
999 _c395316
_d395316